000 00317 a2200133 4500
001 148366
040 _cEscola São Tomás de Aquino
100 _aGONTIJO, Solange Avelar Fonseca
240 1 0 _aCacá o papagaio
_lpor
245 1 0 _aCacá o papagaio
362 0 _a1997
697 _a*LITERATURA INFANTIL
942 _cBK
999 _c148366
_d148366